01792 a2200157 4500999001700000020001800017082001900035100001500054245003000069260002700099300001600126520126800142650007101410942001201481952014101493 c25813d25813 a9781476753652 a338.064bROS-I aRoss,Alec  aIndustries of the future  bSimon & Schusterc2016 aviii, 304p. aThis book answers the question: 'What's next?' The Internet had a world-changing impact on businesses and the global community over the twenty years from 1994 to 2014. In the next ten years, change will happen even faster. As Hillary Clinton's Senior Advisor for Innovation, Alec Ross travelled nearly a million miles to forty-one countries, the equivalent of two round-trips to the moon. From refugee camps in the Congo and Syrian war zones, to visiting the world's most powerful people in business and government, Ross's travels amounted to a four-year masterclass in the changing nature of innovation. In The Industries of the Future, Ross distils his observations on the forces that are changing the world. He highlights the best opportunities for progress and explains how countries thrive or sputter. Ross examines the specific fields that will most shape our economic future over the next ten years, including robotics, artificial intelligence, the commercialization of genomics, cybercrime and the impact of digital technology. Blending storytelling and economic analysis, he answers questions on how we will need to adapt. Ross gives readers a vivid and informed perspective on how sweeping global trends are affecting the ways we live, now and tomorrow. a Technological innovationsvEconomic aspectsvResearchvIndustrial 2ddccBK 00104070aNASSDOCbNASSDOCd2019-12-26eOPg1454.92i2019-12-20l0o338.064 ROS-Ip50620r2019-12-27 00:00:00v1993.04w2019-12-26yBK